| 000 | 00436nam a22001697a 4500 | ||
|---|---|---|---|
| 005 | 20190724165032.0 | ||
| 008 | 160611b xxu||||| |||| 00| 0 eng d | ||
| 020 | _a81-7808-773-1 | ||
| 041 | _aeng | ||
| 082 | _b6772 | ||
| 100 |
_aTULSIAN, P.C. AND PANDAY, VISHAL _95061 |
||
| 245 | _aBUSINESS ORGANISATION AND MANAGEMENT | ||
| 260 |
_aDelhi _bpearson education _c2002 |
||
| 300 | _a661p, | ||
| 650 |
_aManagement _9241 |
||
| 942 | _cBK | ||
| 999 |
_c2361 _d2360 |
||